Hodnotenie efektivity bánk
Usporiadanie bánk SR v roku 2006 na základe vybraných ukazovateľov ekonomickej efektívnosti. Každý ukazovateľ vyjadruje iné kritérium, čiže samotné usporiadanie možno považovať za viackriterilne. Čiastkové ciele analýzy: posúdenie vzťahov medzi ukazovateľmi, hodnotenie bánk pomocou metódy súčtu pora...
Gespeichert in:
| 1. Verfasser: | |
|---|---|
| Format: | Buchkapitel |
| Sprache: | Slowakisch |
| Schlagworte: | |
| Tags: |
Keine Tags, Fügen Sie das erste Tag hinzu!
|
MARC
| LEADER | 00000nla$a2200000$$$4500 | ||
|---|---|---|---|
| 001 | 0067521 | ||
| 005 | 20240502071819.5 | ||
| 041 | 0 | |a slo | |
| 044 | |a SK | ||
| 245 | 1 | 0 | |a Hodnotenie efektivity bánk |c Mária Vojtková |
| 520 | |a Usporiadanie bánk SR v roku 2006 na základe vybraných ukazovateľov ekonomickej efektívnosti. Každý ukazovateľ vyjadruje iné kritérium, čiže samotné usporiadanie možno považovať za viackriterilne. Čiastkové ciele analýzy: posúdenie vzťahov medzi ukazovateľmi, hodnotenie bánk pomocou metódy súčtu poradí a bodovacej metódy a metódy normovanej premennej, sledovanie zhody poradí získané tromi rôznymi metódami, určenie výsledného poradia bánk SR. | ||
| 610 | 2 | 0 | |a banky |
| 610 | 2 | 0 | |a efektívnosť |
| 610 | 2 | 0 | |a úver |
| 610 | 2 | 0 | |a zisk |
| 610 | 2 | 0 | |a ukazovatele efektívnosti |
| 100 | 1 | |a Vojtková, Mária, 1966- | |